[Event "WchT Seniors 50"]
[Site "Prague"]
[Date "2025.02.17"]
[Round "1.39"]
[White "Jaderberg, Bjorn"]
[Black "Korenek, Frantisek"]
[Result "0-1"]
[WhiteElo "2134"]
[BlackElo "1940"]
[PlyCount "44"]
[EventDate "2025.02.17"]
[EventType "team-swiss"]
[EventRounds "9"]
[EventCountry "CZE"]
[SourceTitle "CB09_2025"]
[SourceDate "2025.02.27"]
[SourceVersion "1"]
[SourceVersionDate "2025.02.27"]
[SourceQuality "1"]
[WhiteTeam "Sweden 50"]
[BlackTeam "Lysa nad Labem 50"]
[WhiteTeamCountry "SWE"]
[BlackTeamCountry "CZE"]

1. d4 d5 2. Nc3 Nf6 3. Bf4 c6 4. e3 Bf5 5. f3 e6 6. g4 Bg6 7. h4 h6 8. Bd3 Bxd3 9. Qxd3 Bd6 10. Nge2 Bxf4 11. exf4 Qd6 12. 0-0-0 Nbd7 13. g5 Nh5 14. f5 e5 15. dxe5 Qxe5 16. Kb1 0-0-0 17. Qd4 Qxd4 18. Rxd4 Rde8 19. f4 Re3 20. Nc1 Ng3 21. Rh3 Nxf5 22. Rxe3 Nxe3 0-1

[Event "Mid Bohemia Region-chT 2223"]
[Site "Czech Republic"]
[Date "2023.01.29"]
[Round "7.6"]
[White "Smejkal, Josef"]
[Black "Korenek, Frantisek"]
[Result "1-0"]
[WhiteElo "1792"]
[BlackElo "1885"]
[PlyCount "98"]
[EventDate "2022.10.09"]
[EventType "team-tourn"]
[EventRounds "11"]
[EventCountry "CZE"]
[SourceTitle "EXT 2024"]
[Source "ChessBase"]
[SourceDate "2023.10.10"]
[SourceVersion "1"]
[SourceVersionDate "2023.10.10"]
[SourceQuality "1"]
[WhiteTeam "Mlada Boleslav Skoda"]
[BlackTeam "Lysa nad Labem Joly IV"]
[WhiteTeamCountry "CZE"]
[BlackTeamCountry "CZE"]

1. e4 c6 2. d4 d5 3. e5 Bf5 4. g4 Bd7 5. h3 e6 6. Bd3 c5 7. c3 Nc6 8. Nf3 Qb6 9. Bc2 cxd4 10. cxd4 Nb4 11. 0-0 Nxc2 12. Qxc2 Rc8 13. Nc3 Ne7 14. Qb3 Qa6 15. Be3 Nc6 16. Rac1 Na5 17. Qd1 Nc4 18. Qe2 b5 19. b3 Na3 20. Bd2 Qb7 21. Qe3 Be7 22. Kg2 0-0 23. h4 Rc7 24. g5 Rfc8 25. h5 b4 26. Ne2 Nc2 27. Qf4 Bb5 28. Ng3 Bxf1+ 29. Rxf1 Qb5 30. g6 fxg6 31. hxg6 hxg6 32. Qg4 Qe8 33. Qxe6+ Qf7 34. Qh3 Rf8 35. Ne2 Qf5 36. Qxf5 gxf5 37. Nf4 Rd7 38. Ng6 Rb8 39. e6 Rb6 40. exd7 Rxg6+ 41. Kh3 Rg4 42. Rc1 Nxd4 43. Rc8+ Kh7 44. Nxd4 Rxd4 45. Be3 Rd3 46. Kg2 d4 47. Bf4 Rc3 48. Bd6 Bg5 49. Bxb4 Rd3 1-0

[Event "CZE-chT1W 2223"]
[Site "Czech Republic"]
[Date "2022.11.27"]
[Round "4.6"]
[White "Fedorov, Evgueny"]
[Black "Korenek, Frantisek"]
[Result "1-0"]
[WhiteElo "2236"]
[BlackElo "1884"]
[PlyCount "57"]
[EventDate "2022.10.09"]
[EventType "team-tourn"]
[EventRounds "11"]
[EventCountry "CZE"]
[SourceTitle "CBM 213 Extra"]
[Source "ChessBase"]
[SourceDate "2023.05.31"]
[SourceVersion "1"]
[SourceVersionDate "2023.05.31"]
[SourceQuality "1"]
[WhiteTeam "Praha DP EA Hotels II"]
[BlackTeam "Lysa nad Labem II"]
[WhiteTeamCountry "CZE"]
[BlackTeamCountry "CZE"]

1. e4 c5 2. Nf3 Nc6 3. d4 cxd4 4. Nxd4 Nf6 5. Nc3 d6 6. Bg5 e6 7. Qd2 a6 8. 0-0-0 Be7 9. Kb1 Bd7 10. f3 Qc7 11. Be3 b5 12. g4 Rc8 13. g5 Nh5 14. f4 b4 15. Nce2 g6 16. Ng3 Ng7 17. h4 e5 18. Nxc6 Qxc6 19. Bg2 Bg4 20. Rdf1 exf4 21. Rxf4 Be6 22. Bd4 0-0 23. Bf6 Qc7 24. h5 Ne8 25. Bh3 Bxf6 26. gxf6 Qc5 27. hxg6 hxg6 28. Bxe6 fxe6 29. Qh2 1-0

[Event "Prague Summer op-B 8th"]
[Site "Prague"]
[Date "2021.08.12"]
[Round "8"]
[White "Korenek, Frantisek"]
[Black "Froeyman, Hugo"]
[Result "0-1"]
[WhiteElo "1896"]
[BlackElo "1614"]
[PlyCount "88"]
[EventDate "2021.08.06"]
[EventType "swiss"]
[EventRounds "9"]
[EventCountry "CZE"]
[SourceTitle "EXT 2022"]
[Source "ChessBase"]
[SourceDate "2021.10.06"]
[SourceVersion "1"]
[SourceVersionDate "2021.10.06"]
[SourceQuality "1"]

1. e4 c6 2. d4 d5 3. Nd2 dxe4 4. Nxe4 Bf5 5. Ng3 Bg6 6. Nf3 Nd7 7. h4 h6 8. h5 Bh7 9. Bd3 Bxd3 10. Qxd3 Qc7 11. Bd2 e6 12. Ne4 Ngf6 13. 0-0-0 0-0-0 14. Nxf6 Nxf6 15. Qe2 c5 16. dxc5 Bxc5 17. Rh4 Kb8 18. Bf4 Bd6 19. Bxd6 Rxd6 20. Rxd6 Qxd6 21. Rd4 Qe7 22. Qe5+ Ka8 23. g4 a6 24. c3 Rd8 25. Kc2 Rxd4 26. Qxd4 Ne8 27. Ne5 f6 28. Nc4 Nc7 29. Nb6+ Kb8 30. a4 e5 31. Qc4 a5 32. Qg8+ Ne8 33. Qd5 Qd6 34. Qxa5 Qc6 35. Nd5 Qe6 36. Ne3 e4 37. Qd8+ Ka7 38. a5 Qc6 39. Qd4+ Kb8 40. Qc4 Qd7 41. Qxe4 Qb5 42. Nf5 Nc7 43. Nd6 Qa6 44. b4 Qxd6 0-1

[Event "Prague Summer op-B 8th"]
[Site "Prague"]
[Date "2021.08.10"]
[Round "6"]
[White "Korenek, Frantisek"]
[Black "Pechanek, Krystof Jan"]
[Result "1-0"]
[WhiteElo "1896"]
[BlackElo "1436"]
[PlyCount "113"]
[EventDate "2021.08.06"]
[EventType "swiss"]
[EventRounds "9"]
[EventCountry "CZE"]
[SourceTitle "EXT 2022"]
[Source "ChessBase"]
[SourceDate "2021.10.06"]
[SourceVersion "1"]
[SourceVersionDate "2021.10.06"]
[SourceQuality "1"]

1. e4 c5 2. Nf3 Nc6 3. Bb5 Qc7 4. 0-0 d6 5. c3 Nf6 6. Re1 a6 7. Bf1 Bg4 8. h3 Bxf3 9. Qxf3 g6 10. Qd1 Bg7 11. d4 cxd4 12. cxd4 0-0 13. Nc3 Rac8 14. Be3 Rfe8 15. Qd2 b5 16. a3 Na5 17. Rad1 Nc4 18. Bxc4 Qxc4 19. f3 b4 20. Ne2 bxa3 21. bxa3 Qa4 22. Qb4 Qxb4 23. axb4 Rc4 24. Ra1 Rb8 25. Rxa6 Rcxb4 26. Ra7 R4b7 27. Rxb7 Rxb7 28. Rc1 h5 29. g3 Kh7 30. g4 hxg4 31. hxg4 Bf8 32. Kf2 Rb3 33. Rc8 Kg7 34. Bg5 Nh7 35. Bh4 g5 36. Bg3 Kg6 37. e5 dxe5 38. dxe5 Bg7 39. Nd4 Rb2+ 40. Rc2 Rb4 41. Nf5 e6 42. Ne7+ Kh6 43. Ke3 Bh8 44. Nc6 Rb3+ 45. Ke4 Nf8 46. Be1 Ng6 47. Rh2+ Kg7 48. Rh5 f6 49. exf6+ Kxf6 50. Bd2 Rb5 51. f4 Rc5 52. fxg5+ Kg7 53. Nd4 Rc4 54. Ke3 e5 55. Nf5+ Kg8 56. Kd3 Rxg4 57. Nh6+ 1-0

[Event "Prague Summer op-B 8th"]
[Site "Prague"]
[Date "2021.08.09"]
[Round "5"]
[White "Jaeger, Andre"]
[Black "Korenek, Frantisek"]
[Result "1-0"]
[WhiteElo "1883"]
[BlackElo "1896"]
[PlyCount "55"]
[EventDate "2021.08.06"]
[EventType "swiss"]
[EventRounds "9"]
[EventCountry "CZE"]
[SourceTitle "EXT 2022"]
[Source "ChessBase"]
[SourceDate "2021.10.06"]
[SourceVersion "1"]
[SourceVersionDate "2021.10.06"]
[SourceQuality "1"]

1. d4 Nf6 2. c4 e6 3. Nc3 Bb4 4. f3 d5 5. a3 Bxc3+ 6. bxc3 0-0 7. cxd5 exd5 8. e3 Nbd7 9. Bd3 Re8 10. Ne2 c5 11. 0-0 Qa5 12. Bd2 Qc7 13. Ng3 Nb6 14. e4 Nc4 15. e5 Nd7 16. f4 Ndb6 17. Bc1 g6 18. Ra2 Nd7 19. f5 cxd4 20. fxg6 hxg6 21. cxd4 Qb6 22. Bxc4 dxc4 23. Rb2 Qc6 24. Rbf2 Qd5 25. Bg5 Nf8 26. Rxf7 Qxf7 27. Rxf7 Kxf7 28. Ne4 1-0

[Event "Prague Summer op-B 8th"]
[Site "Prague"]
[Date "2021.08.08"]
[Round "4"]
[White "Korenek, Frantisek"]
[Black "Hrebicek, Petr"]
[Result "1-0"]
[WhiteElo "1896"]
[BlackElo "1806"]
[PlyCount "85"]
[EventDate "2021.08.06"]
[EventType "swiss"]
[EventRounds "9"]
[EventCountry "CZE"]
[SourceTitle "EXT 2022"]
[Source "ChessBase"]
[SourceDate "2021.10.06"]
[SourceVersion "1"]
[SourceVersionDate "2021.10.06"]
[SourceQuality "1"]

1. e4 e6 2. d4 d5 3. Nc3 Bb4 4. e5 c5 5. a3 Bxc3+ 6. bxc3 Ne7 7. Bd3 Qa5 8. Bd2 c4 9. Be2 0-0 10. f4 f6 11. Nf3 Bd7 12. exf6 Rxf6 13. 0-0 Ba4 14. Ne5 Qc7 15. Be1 Nf5 16. Qd2 Nc6 17. Bf3 b5 18. g4 Nfe7 19. Bh4 Rff8 20. Nxc6 Nxc6 21. f5 Qd7 22. Qg2 Rad8 23. Bxd8 Rxd8 24. fxe6 Qxe6 25. Rae1 Qd6 26. Re2 Ne7 27. Rfe1 Rd7 28. Qf2 h6 29. Qe3 Kf8 30. Rf2 Ke8 31. Qe6 Qxe6 32. Rxe6 Kd8 33. Re5 Kc7 34. Bg2 a5 35. h4 b4 36. cxb4 axb4 37. axb4 Nc6 38. Rxd5 Nxd4 39. Rxd7+ Bxd7 40. Rd2 Nc6 41. Rxd7+ Kxd7 42. Bxc6+ Kxc6 43. c3 1-0

[Event "Prague Summer op-B 7th"]
[Site "Prague"]
[Date "2020.08.10"]
[Round "4"]
[White "Herter, Arne"]
[Black "Korenek, Frantisek"]
[Result "1-0"]
[WhiteElo "1613"]
[BlackElo "1939"]
[PlyCount "121"]
[EventDate "2020.08.08"]
[EventType "swiss"]
[EventRounds "9"]
[EventCountry "CZE"]
[SourceTitle "EXT 2021"]
[Source "ChessBase"]
[SourceDate "2020.10.23"]
[SourceVersion "1"]
[SourceVersionDate "2020.10.23"]
[SourceQuality "1"]

1. e4 e6 2. d4 d5 3. exd5 exd5 4. Bd3 Nf6 5. Nf3 Bd6 6. 0-0 0-0 7. Bg5 h6 8. Bh4 Nbd7 9. c4 dxc4 10. Bxc4 c6 11. a4 Nb6 12. Ba2 Be7 13. Nc3 Nbd5 14. Ne5 Nb4 15. Bc4 Nbd5 16. Qb3 Qb6 17. Nxd5 cxd5 18. Qxb6 axb6 19. Bb3 g5 20. Bg3 Ra5 21. f3 Be6 22. Rac1 Nh5 23. Be1 Nf4 24. Bxa5 Ne2+ 25. Kf2 Nxc1 26. Rxc1 bxa5 27. Rc7 Bf6 28. Rxb7 Rc8 29. Rb5 Rc1 30. Rxa5 Rb1 31. Bxd5 Rxb2+ 32. Kg3 Bxd5 33. Rxd5 Rb4 34. Ng4 Bg7 35. a5 h5 36. Nf2 h4+ 37. Kh3 Bxd4 38. Rxg5+ Kf8 39. Ne4 Ke7 40. Rh5 Ra4 41. Kxh4 Bc3 42. Kh3 Bxa5 43. Re5+ Kf8 44. Nc5 Ra2 45. Nd7+ Kg7 46. Rg5+ Kh6 47. f4 Bd2 48. g3 Ra7 49. Nf6 Bc3 50. Ng4+ Kh7 51. Kh4 Ba1 52. Kh5 Ra6 53. h4 Bg7 54. Ne3 Bf8 55. Nf5 Ra5 56. Ne3 Ra6 57. Rf5 Kg8 58. Nd5 Bg7 59. Kg4 Rg6+ 60. Rg5 Re6 61. f5 1-0

[Event "Prague Summer op-B 6th"]
[Site "Prague"]
[Date "2019.08.09"]
[Round "9"]
[White "Korenek, Frantisek"]
[Black "Soural, Karel"]
[Result "1-0"]
[WhiteElo "1956"]
[BlackElo "1923"]
[PlyCount "41"]
[EventDate "2019.08.02"]
[EventType "swiss"]
[EventRounds "9"]
[EventCountry "CZE"]
[SourceTitle "EXT 2020"]
[Source "ChessBase"]
[SourceDate "2019.10.17"]
[SourceVersion "1"]
[SourceVersionDate "2019.10.17"]
[SourceQuality "1"]

1. c4 c5 2. Nc3 Nc6 3. g3 Nf6 4. Bg2 e5 5. d3 d6 6. Nf3 Be7 7. 0-0 0-0 8. a3 h6 9. Rb1 a5 10. Ne1 Be6 11. e4 Nd4 12. h3 Qd7 13. Kh2 b5 14. Nd5 Bxd5 15. cxd5 a4 16. Nf3 Ne8 17. Nxd4 cxd4 18. h4 Qb7 19. Bd2 Nc7 20. Qg4 Kh7 21. Qd7 1-0

[Event "CZE-chT1W 1819"]
[Site "Czech Republic"]
[Date "2019.01.20"]
[Round "6.8"]
[White "Korenek, Frantisek"]
[Black "Folkova, Martina"]
[Result "1/2-1/2"]
[WhiteElo "1940"]
[BlackElo "2024"]
[PlyCount "45"]
[EventDate "2018.10.21"]
[EventType "team-tourn"]
[EventRounds "11"]
[EventCountry "CZE"]
[SourceTitle "CBM 188 Extra"]
[Source "ChessBase"]
[SourceDate "2019.02.28"]
[SourceVersion "1"]
[SourceVersionDate "2019.02.28"]
[SourceQuality "1"]
[WhiteTeam "Lysa nad Labem III"]
[BlackTeam "Kozolupy"]
[WhiteTeamCountry "CZE"]
[BlackTeamCountry "CZE"]

1. e4 e5 2. Nf3 Nc6 3. Bb5 Nge7 4. 0-0 g6 5. c3 Bg7 6. d4 exd4 7. cxd4 d5 8. exd5 Nxd5 9. Re1+ Be6 10. Ne5 0-0 11. Nxc6 bxc6 12. Bxc6 Rb8 13. Nc3 Nb4 14. Ba4 Bxd4 15. Be3 c5 16. a3 Bxe3 17. Rxe3 Nd5 18. Nxd5 Qxd5 19. Qxd5 Bxd5 20. Re5 Be6 21. Rxc5 Rxb2 22. Rc2 Rfb8 23. Rxb2 1/2-1/2

[Event "CZE-chT2C 1819"]
[Site "Czech Republic"]
[Date "2019.01.13"]
[Round "6.7"]
[White "Korenek, Frantisek"]
[Black "Burda, Roman"]
[Result "1/2-1/2"]
[WhiteElo "1940"]
[BlackElo "2044"]
[PlyCount "120"]
[EventDate "2018.10.14"]
[EventType "team-tourn"]
[EventRounds "11"]
[EventCountry "CZE"]
[SourceTitle "EXT 2022"]
[Source "ChessBase"]
[SourceDate "2021.10.06"]
[SourceVersion "1"]
[SourceVersionDate "2021.10.06"]
[SourceQuality "1"]
[WhiteTeam "Lysa nad Labem IV"]
[BlackTeam "Neratovice II"]
[WhiteTeamCountry "CZE"]
[BlackTeamCountry "CZE"]

1. e4 e6 2. d4 d5 3. Nc3 c5 4. exd5 exd5 5. Nf3 Nf6 6. Bb5+ Bd7 7. Bxd7+ Nbxd7 8. 0-0 c4 9. Re1+ Be7 10. Qe2 Rc8 11. Bf4 Nf8 12. Qd2 Ne6 13. Ng5 Nxf4 14. Qxf4 0-0 15. Nf3 Bb4 16. Re3 Bxc3 17. Rxc3 Qb6 18. Rb1 Rfe8 19. Re3 Rxe3 20. Qxe3 Re8 21. Qc1 Ne4 22. c3 Qg6 23. Ra1 Qf6 24. Qc2 Re6 25. Qa4 g5 26. h3 h5 27. Qc2 g4 28. hxg4 hxg4 29. Ne5 Qh4 30. Qe2 f5 31. g3 Qh5 32. Qf1 Ng5 33. Qg2 Nf3+ 34. Kf1 Kg7 35. Re1 Qh6 36. Re3 Nd2+ 37. Ke2 Ne4 38. f3 Qh3 39. Kf1 Nxg3+ 40. Kg1 f4 41. Re1 Kf6 42. fxg4 Qxg2+ 43. Kxg2 Ne4 44. Rh1 Ng5 45. Rh8 Kg7 46. Rh5 Ne4 47. Kf3 Rb6 48. Nxc4 dxc4 49. Kxe4 Rxb2 50. Rc5 b5 51. d5 Kf6 52. Kxf4 Rf2+ 53. Ke4 Re2+ 54. Kf3 Rxa2 55. Rxb5 Ra3 56. Kf4 Rxc3 57. Ra5 Rd3 58. Ra6+ Ke7 59. Rxa7+ Kd6 60. g5 c3 1/2-1/2

[Event "Prague Summer op-B 5th"]
[Site "Prague"]
[Date "2018.08.10"]
[Round "9"]
[White "Korenek, Frantisek"]
[Black "Enkhbolor, Nyamdavaa"]
[Result "1-0"]
[WhiteElo "1963"]
[BlackElo "1563"]
[PlyCount "89"]
[EventDate "2018.08.03"]
[EventType "swiss"]
[EventRounds "9"]
[EventCountry "CZE"]
[SourceTitle "CBM 186 Extra"]
[Source "ChessBase"]
[SourceDate "2018.08.24"]
[SourceVersion "1"]
[SourceVersionDate "2018.08.24"]
[SourceQuality "1"]

1. d4 Nf6 2. c4 g6 3. g3 Bg7 4. Bg2 d6 5. Nf3 0-0 6. 0-0 Nc6 7. d5 Na5 8. Nfd2 c5 9. Nc3 a6 10. a4 Bd7 11. e4 Rb8 12. Qe2 Qc7 13. h3 b6 14. Kh2 Rfd8 15. Ra3 Ne8 16. Qd3 b5 17. cxb5 axb5 18. Nxb5 Bxb5 19. axb5 Qb6 20. Qb1 Qxb5 21. Qa2 Nb7 22. Nc4 Nc7 23. Bg5 Re8 24. Rc1 Ra8 25. Bf1 Rxa3 26. bxa3 Qa4 27. Bd3 Nb5 28. Qc2 Qxc2 29. Rxc2 Nd4 30. Kg2 Nxc2 31. Bxc2 Bc3 32. Ba4 Rb8 33. Bxe7 f6 34. Nxd6 Nxd6 35. Bxd6 Ra8 36. Bc6 Rc8 37. Bxc5 Kf7 38. f4 h6 39. Bd6 Ba5 40. e5 fxe5 41. fxe5 Bc7 42. e6+ Kf6 43. Bc5 Bd8 44. a4 Rxc6 45. e7 1-0

[Event "Prague Summer op-B 5th"]
[Site "Prague"]
[Date "2018.08.08"]
[Round "7"]
[White "Lombardi, Michele"]
[Black "Korenek, Frantisek"]
[Result "0-1"]
[WhiteElo "1777"]
[BlackElo "1963"]
[PlyCount "130"]
[EventDate "2018.08.03"]
[EventType "swiss"]
[EventRounds "9"]
[EventCountry "CZE"]
[SourceTitle "CBM 186 Extra"]
[Source "ChessBase"]
[SourceDate "2018.08.24"]
[SourceVersion "1"]
[SourceVersionDate "2018.08.24"]
[SourceQuality "1"]

1. e4 d5 2. exd5 Qxd5 3. Nc3 Qa5 4. Bc4 Nf6 5. d3 c6 6. Nge2 Bg4 7. 0-0 e6 8. Kh1 Nbd7 9. f3 Bh5 10. Ng3 Bg6 11. Qe1 Qc7 12. Be3 Bd6 13. Bf2 0-0 14. Rd1 Bb4 15. a3 Ba5 16. Nge4 Bxe4 17. fxe4 Qb8 18. d4 e5 19. b4 Bc7 20. d5 Nb6 21. Bb3 cxd5 22. exd5 Nbd7 23. Nb5 Bb6 24. d6 a6 25. Nc3 Bxf2 26. Rxf2 Qa7 27. h3 Rac8 28. Rf3 b5 29. Nd5 Nxd5 30. Rxd5 e4 31. Qxe4 Rce8 32. Qh4 Ne5 33. Rf1 Qd7 34. Qf4 Ng6 35. Qf5 Rd8 36. Qd3 Kh8 37. c4 bxc4 38. Qxc4 f6 39. Qc7 Qe6 40. Rd3 Qe2 41. Rfd1 Ne5 42. Rg3 Rd7 43. Qc3 Rfd8 44. Rd2 Qf1+ 45. Kh2 h6 46. Rf3 Nxf3+ 47. gxf3 Qe1 48. Qc2 Qe5+ 49. Kg2 Rxd6 50. Rxd6 Qxd6 51. Qe4 Qd2+ 52. Kg3 Qg5+ 53. Qg4 Rd3 54. Qxg5 hxg5 55. Bc4 Rxa3 56. Be2 Kh7 57. h4 Kg6 58. hxg5 Kxg5 59. Bf1 f5 60. Be2 f4+ 61. Kh3 Kf5 62. Bd1 g5 63. Bc2+ Kf6 64. Kg4 Ra2 65. Be4 Rg2+ 0-1

[Event "CZE-chT2C 1718"]
[Site "Czech Republic"]
[Date "2017.10.15"]
[Round "1.8"]
[White "Vicar, Petr"]
[Black "Korenek, Frantisek"]
[Result "1-0"]
[WhiteElo "2122"]
[BlackElo "2000"]
[PlyCount "71"]
[EventDate "2017.10.15"]
[EventType "team-tourn"]
[EventRounds "11"]
[EventCountry "CZE"]
[SourceTitle "EXT 2022"]
[Source "ChessBase"]
[SourceDate "2021.10.06"]
[SourceVersion "1"]
[SourceVersionDate "2021.10.06"]
[SourceQuality "1"]
[WhiteTeam "Pankrac II"]
[BlackTeam "Praha Eurovia"]
[WhiteTeamCountry "CZE"]
[BlackTeamCountry "CZE"]

1. e4 c6 2. d4 d5 3. f3 e6 4. Nc3 Bb4 5. Qd3 b6 6. Nge2 Ba6 7. Qe3 Ne7 8. Bd2 0-0 9. 0-0-0 Nd7 10. f4 dxe4 11. Nxe4 Nf5 12. Qf2 Be7 13. g4 Nd6 14. Nxd6 Bxd6 15. Bg2 Rc8 16. Nc3 Nf6 17. g5 Nd5 18. Ne4 Be7 19. h4 c5 20. dxc5 Qc7 21. f5 Bxc5 22. Nxc5 Qxc5 23. Qxc5 Rxc5 24. fxe6 fxe6 25. Bh3 Bc8 26. Rhf1 Rc7 27. Rxf8+ Kxf8 28. Re1 Ke7 29. b3 b5 30. h5 Bd7 31. Bf5 Nc3 32. Kb2 b4 33. Bxh7 a5 34. a3 bxa3+ 35. Kxa3 Nb5+ 36. Kb2 1-0

[Event "Prague Summer op-B 4th"]
[Site "Prague"]
[Date "2017.08.11"]
[Round "9"]
[White "Korenek, Frantisek"]
[Black "Novotny, Martin"]
[Result "1/2-1/2"]
[WhiteElo "2075"]
[BlackElo "1824"]
[PlyCount "71"]
[EventDate "2017.08.04"]
[EventType "swiss"]
[EventRounds "9"]
[EventCountry "CZE"]
[SourceTitle "EXT 2019"]
[Source "ChessBase"]
[SourceDate "2018.10.10"]
[SourceVersion "1"]
[SourceVersionDate "2018.10.10"]
[SourceQuality "1"]

1. e4 c5 2. Nf3 g6 3. c3 d5 4. exd5 Qxd5 5. d4 Bg7 6. Be3 cxd4 7. Nxd4 Nf6 8. Qb3 Qxb3 9. axb3 Nd5 10. Nb5 Nxe3 11. fxe3 Na6 12. Nd2 0-0 13. Bc4 Bd7 14. Ke2 Bc6 15. Nf3 e6 16. Nbd4 Bxf3+ 17. gxf3 Nc5 18. b4 Nd7 19. Ra5 Nb6 20. Bb3 Rfd8 21. Rha1 a6 22. b5 axb5 23. Rxa8 Rxa8 24. Rxa8+ Nxa8 25. Nxb5 Be5 26. h3 Nc7 27. Nxc7 Bxc7 28. Kd3 Kf8 29. Ba4 Ke7 30. b4 f6 31. c4 g5 32. c5 h5 33. Bd1 h4 34. Kc4 f5 35. b5 b6 36. Bc2 1/2-1/2

[Event "CZE-chT2C 1617"]
[Site "Czech Republic"]
[Date "2017.02.12"]
[Round "8.7"]
[White "Kohout, Vratislav"]
[Black "Korenek, Frantisek"]
[Result "0-1"]
[WhiteElo "2027"]
[BlackElo "2076"]
[PlyCount "84"]
[EventDate "2016.10.09"]
[EventType "team-tourn"]
[EventRounds "11"]
[EventCountry "CZE"]
[SourceTitle "EXT 2022"]
[Source "ChessBase"]
[SourceDate "2021.10.06"]
[SourceVersion "1"]
[SourceVersionDate "2021.10.06"]
[SourceQuality "1"]
[WhiteTeam "Praha Vrsovice"]
[BlackTeam "Lysa nad Labem III"]
[WhiteTeamCountry "CZE"]
[BlackTeamCountry "CZE"]

1. d4 Nf6 2. Nf3 d5 3. g3 Bf5 4. Bg2 e6 5. 0-0 Be7 6. b3 c6 7. Bb2 0-0 8. Nbd2 Nbd7 9. c4 h6 10. Ne5 Re8 11. a3 a5 12. Qc1 Bd6 13. Bc3 Qe7 14. Qb2 Nf8 15. b4 axb4 16. axb4 Ng4 17. h3 Nxe5 18. dxe5 Bc7 19. e4 dxe4 20. Nxe4 Nd7 21. Nd6 Rxa1 22. Qxa1 Bxd6 23. exd6 Qg5 24. Qa7 Bd3 25. Rd1 Be2 26. Re1 Bxc4 27. Qxb7 Nf6 28. Bxc6 Rd8 29. d7 Nd5 30. Be5 Qd2 31. Ra1 Nxb4 32. Ra8 Nxc6 33. Rxd8+ Nxd8 34. Qc8 Qe1+ 35. Kg2 Bd5+ 36. f3 Qe2+ 37. Kg1 Qe3+ 38. Kf1 Qxf3+ 39. Ke1 Qe3+ 40. Kf1 Bc4+ 41. Kg2 Qe2+ 42. Kg1 Qf1+ 0-1

[Event "CZE-chT2C 1617"]
[Site "Czech Republic"]
[Date "2016.11.13"]
[Round "3.7"]
[White "Slechta, Karel"]
[Black "Korenek, Frantisek"]
[Result "0-1"]
[WhiteElo "1897"]
[BlackElo "2076"]
[PlyCount "53"]
[EventDate "2016.10.09"]
[EventType "team-tourn"]
[EventRounds "11"]
[EventCountry "CZE"]
[SourceTitle "EXT 2022"]
[Source "ChessBase"]
[SourceDate "2021.10.06"]
[SourceVersion "1"]
[SourceVersionDate "2021.10.06"]
[SourceQuality "1"]
[WhiteTeam "Vysehrad III"]
[BlackTeam "Lysa nad Labem III"]
[WhiteTeamCountry "CZE"]
[BlackTeamCountry "CZE"]

1. e4 c5 2. Nf3 e6 3. d4 cxd4 4. Nxd4 Nf6 5. Nc3 a6 6. a3 d6 7. Bd3 Qc7 8. 0-0 Be7 9. Kh1 Nc6 10. Nxc6 bxc6 11. f4 0-0 12. Qe2 d5 13. e5 Nd7 14. Rf3 g6 15. Rh3 c5 16. Qg4 c4 17. Be2 Bb7 18. Bd2 Rfd8 19. Rf1 d4 20. Nd1 Be4 21. Qg3 Bf5 22. Bg4 Nc5 23. Bxf5 exf5 24. Nf2 Rd5 25. Qf3 Rad8 26. g4 d3 27. Rh5 0-1

[Event "CZE-chT2C 1617"]
[Site "Czech Republic"]
[Date "2016.10.09"]
[Round "1.5"]
[White "Brezmen, Pavel"]
[Black "Korenek, Frantisek"]
[Result "1/2-1/2"]
[WhiteElo "2098"]
[BlackElo "2076"]
[PlyCount "36"]
[EventDate "2016.10.09"]
[EventType "team-tourn"]
[EventRounds "11"]
[EventCountry "CZE"]
[SourceTitle "EXT 2022"]
[Source "ChessBase"]
[SourceDate "2021.10.06"]
[SourceVersion "1"]
[SourceVersionDate "2021.10.06"]
[SourceQuality "1"]
[WhiteTeam "Kolin"]
[BlackTeam "Lysa nad Labem III"]
[WhiteTeamCountry "CZE"]
[BlackTeamCountry "CZE"]

1. c4 c5 2. g3 Nc6 3. Bg2 g6 4. Nc3 Bg7 5. d3 d6 6. e4 Nf6 7. Nge2 0-0 8. h3 Bd7 9. 0-0 a6 10. Be3 e5 11. Qd2 Nd4 12. f4 Ne8 13. Rf2 f6 14. Nd5 Bc6 15. Nec3 Nc7 16. Raf1 Bxd5 17. exd5 f5 18. Ne2 Nxe2+ 1/2-1/2

[Event "CZE-chT2C 1516"]
[Site "Czech Republic"]
[Date "2016.04.17"]
[Round "11.8"]
[White "Sporka, Bozetech"]
[Black "Korenek, Frantisek"]
[Result "0-1"]
[WhiteElo "1894"]
[BlackElo "2066"]
[PlyCount "29"]
[EventDate "2015.10.18"]
[EventType "team-tourn"]
[EventRounds "11"]
[EventCountry "CZE"]
[SourceTitle "EXT 2022"]
[Source "ChessBase"]
[SourceDate "2021.10.06"]
[SourceVersion "1"]
[SourceVersionDate "2021.10.06"]
[SourceQuality "1"]
[WhiteTeam "Pisek"]
[BlackTeam "Lysa nad Labem III"]
[WhiteTeamCountry "CZE"]
[BlackTeamCountry "CZE"]

1. c4 Nf6 2. d4 e6 3. Nc3 Bb4 4. Qc2 0-0 5. Nf3 b6 6. e3 Bb7 7. Bd3 c5 8. a3 Bxc3+ 9. bxc3 d6 10. e4 h6 11. h4 d5 12. e5 Nfd7 13. Rh3 dxc4 14. Bh7+ Kh8 15. Be4 0-1